Family Law

Gespeichert in:
Bibliographische Detailangaben
1. Verfasser: Herring, Jonathan
Format: Buch
Sprache:Undetermined
Veröffentlicht: Great Britain Pearson Longman 2004
Schlagworte:
Tags: Tag hinzufügen
Keine Tags, Fügen Sie den ersten Tag hinzu!
Thư viện lưu trữ: Trung tâm Học liệu Trường Đại học Cần Thơ
LEADER 00511nam a2200205Ia 4500
001 CTU_87545
008 210402s9999 xx 000 0 und d
020 |c 647000 
082 |a 346.42015 
082 |b H567 
100 |a Herring, Jonathan 
245 0 |a Family Law 
245 0 |c Jonathan Herring 
260 |a Great Britain 
260 |b Pearson Longman 
260 |c 2004 
650 |a Domestic relations 
650 |z English 
904 |i Truc 
980 |a Trung tâm Học liệu Trường Đại học Cần Thơ